[Event "Blitz 2018"]
[Site "Saint-Petersburg"]
[Date "2018.12.29"]
[Round "10"]
[Board "33"]
[White "Petrosian Tigran L. (ARM)"]
[Black "Demidov Mikhail (RUS)"]
[Result "1-0"]
[LiveChessVersion "1.4.8"]
[BlackElo "2546"]
[WhiteElo "2700"]

1. Nf3 {[%clk 0:03:03]} d5 {[%clk 0:03:03]} 2. g3 {[%clk 0:03:04]} c6
{[%clk 0:03:04]} 3. Bg2 {[%clk 0:03:06]} Bg4 {[%clk 0:03:05]} 4. h3
{[%clk 0:03:07]} Bxf3 {[%clk 0:03:05]} 5. Bxf3 {[%clk 0:03:08]} Nf6
{[%clk 0:03:03]} 6. d3 {[%clk 0:03:09]} Nbd7 {[%clk 0:03:03]} 7. O-O
{[%clk 0:03:09]} e5 {[%clk 0:03:05]} 8. c4 {[%clk 0:03:10]} dxc4 {[%clk 0:03:01]}
9. dxc4 {[%clk 0:03:12]} Bc5 {[%clk 0:02:58]} 10. Nc3 {[%clk 0:03:08]} O-O
{[%clk 0:02:56]} 11. Na4 {[%clk 0:03:02]} Be7 {[%clk 0:02:54]} 12. Be3
{[%clk 0:03:01]} Qc7 {[%clk 0:02:53]} 13. Qc2 {[%clk 0:03:01]} Rfd8
{[%clk 0:02:51]} 14. Rfd1 {[%clk 0:03:01]} b6 {[%clk 0:02:34]} 15. Nc3
{[%clk 0:02:53]} Bc5 {[%clk 0:02:21]} 16. Bxc5 {[%clk 0:02:26]} Nxc5
{[%clk 0:02:21]} 17. b4 {[%clk 0:02:27]} Ne6 18. e3 Rxd1+ {[%clk 0:01:52]} 19.
Rxd1 {[%clk 0:02:30]} Rd8 {[%clk 0:01:54]} 20. Rxd8+ {[%clk 0:02:30]} Nxd8
{[%clk 0:01:54]} 21. Ne4 {[%clk 0:02:03]} Nxe4 {[%clk 0:01:50]} 22. Qxe4
{[%clk 0:02:02]} Qd6 {[%clk 0:01:36]} 23. a3 {[%clk 0:02:02]} g6 {[%clk 0:01:30]}
24. h4 {[%clk 0:01:58]} f5 {[%clk 0:01:23]} 25. Qc2 {[%clk 0:01:58]} e4
{[%clk 0:01:24]} 26. Be2 {[%clk 0:01:59]} c5 {[%clk 0:01:26]} 27. Qa4
{[%clk 0:01:59]} Qe7 {[%clk 0:01:16]} 28. bxc5 {[%clk 0:02:00]} bxc5
{[%clk 0:01:17]} 29. Qa6 {[%clk 0:01:55]} Qd7 {[%clk 0:01:02]} 30. Qb5
{[%clk 0:01:50]} Qd6 {[%clk 0:00:52]} 31. Qe8+ {[%clk 0:01:48]} Kg7
{[%clk 0:00:53]} 32. Kg2 {[%clk 0:01:46]} Nf7 {[%clk 0:00:52]} 33. Kf1
{[%clk 0:00:55]} h5 {[%clk 0:00:53]} 34. a4 {[%clk 0:00:55]} Qd2 {[%clk 0:00:50]}
35. Qe7 {[%clk 0:00:53]} Qc1+ {[%clk 0:00:26]} 36. Kg2 {[%clk 0:00:54]} Qe1
{[%clk 0:00:27]} 37. Bf1 {[%clk 0:00:48]} Qa5 {[%clk 0:00:27]} 38. Qd7
{[%clk 0:00:50]} Qb6 {[%clk 0:00:18]} 39. Be2 {[%clk 0:00:46]} Kf6
{[%clk 0:00:14]} 40. Qc8 {[%clk 0:00:23]} a5 {[%clk 0:00:10]} 41. Qe8
{[%clk 0:00:14]} Qd6 {[%clk 0:00:08]} 42. Bf1 {[%clk 0:00:09]} Ne5
{[%clk 0:00:07]} 43. Qh8+ {[%clk 0:00:06]} Kf7 {[%clk 0:00:09]} 44. Be2
{[%clk 0:00:06]} Qe7 {[%clk 0:00:04]} 45. Qb8 {[%clk 0:00:04]} Kf6
{[%clk 0:00:03]} 46. Qb6+ {[%clk 0:00:04]} Qe6 {[%clk 0:00:04]} 47. Qxc5
{[%clk 0:00:05]} Nc6 {[%clk 0:00:00]} 1-0

[Event "Blitz 2018"]
[Site "Saint-Petersburg"]
[Date "2018.12.29"]
[Round "10"]
[Board "34"]
[White "Shirov Alexei (ESP)"]
[Black "Khanin Semen (RUS)"]
[Result "0-1"]
[LiveChessVersion "1.4.8"]
[BlackElo "2564"]
[WhiteElo "2699"]

1. e4 {[%clk 0:03:03]} e5 {[%clk 0:03:03]} 2. Nf3 {[%clk 0:03:04]} Nc6
{[%clk 0:03:04]} 3. Bb5 {[%clk 0:03:04]} a6 {[%clk 0:03:05]} 4. Ba4
{[%clk 0:03:05]} b5 {[%clk 0:03:06]} 5. Bb3 {[%clk 0:03:06]} g6 {[%clk 0:03:06]}
6. a4 {[%clk 0:03:06]} b4 {[%clk 0:03:05]} 7. d4 {[%clk 0:03:07]} exd4
{[%clk 0:03:05]} 8. Nxd4 {[%clk 0:03:06]} Na5 {[%clk 0:03:05]} 9. Bd5
{[%clk 0:03:06]} c6 {[%clk 0:03:06]} 10. Ba2 {[%clk 0:03:07]} Bg7
{[%clk 0:03:06]} 11. O-O {[%clk 0:03:02]} Ne7 {[%clk 0:03:06]} 12. c3
{[%clk 0:03:03]} c5 {[%clk 0:03:05]} 13. cxb4 {[%clk 0:02:42]} cxb4
{[%clk 0:03:05]} 14. Be3 {[%clk 0:02:29]} O-O {[%clk 0:03:01]} 15. Nd2
{[%clk 0:02:29]} d5 {[%clk 0:02:56]} 16. Rc1 {[%clk 0:02:21]} Bb7
{[%clk 0:02:50]} 17. N2b3 {[%clk 0:01:51]} Nc4 {[%clk 0:02:19]} 18. Nc5
{[%clk 0:01:52]} Nxe3 {[%clk 0:02:19]} 19. fxe3 {[%clk 0:01:53]} Rb8
{[%clk 0:02:07]} 20. Nxb7 {[%clk 0:01:35]} Rxb7 {[%clk 0:02:08]} 21. exd5
{[%clk 0:01:35]} Bxd4 {[%clk 0:02:01]} 22. Qxd4 {[%clk 0:01:17]} b3
{[%clk 0:02:01]} 23. Bb1 {[%clk 0:01:18]} Qxd5 {[%clk 0:01:48]} 24. Qxd5
{[%clk 0:01:00]} Nxd5 {[%clk 0:01:48]} 25. Be4 {[%clk 0:01:00]} Rd7
{[%clk 0:01:49]} 26. Rfd1 {[%clk 0:00:24]} Rfd8 {[%clk 0:01:49]} 27. Kf2
{[%clk 0:00:21]} Nc3 {[%clk 0:01:42]} 28. Rxd7 {[%clk 0:00:17]} Nxe4+
{[%clk 0:01:42]} 29. Kf3 {[%clk 0:00:18]} Rxd7 {[%clk 0:01:23]} 30. Kxe4
{[%clk 0:00:19]} Rd2 {[%clk 0:01:23]} 31. Kf3 {[%clk 0:00:16]} Rxb2
{[%clk 0:01:23]} 32. Rc6 {[%clk 0:00:16]} Rb1 {[%clk 0:01:19]} 33. Rb6
{[%clk 0:00:15]} h5 {[%clk 0:00:43]} 34. h4 {[%clk 0:00:06]} a5 {[%clk 0:00:35]}
35. Kg3 {[%clk 0:00:03]} Kg7 {[%clk 0:00:30]} 36. e4 {[%clk 0:00:03]} Re1
{[%clk 0:00:19]} 37. Rxb3 0-1

[Event "Blitz 2018"]
[Site "Saint-Petersburg"]
[Date "2018.12.29"]
[Round "10"]
[Board "35"]
[White "Miton Kamil (POL)"]
[Black "Ponkratov Pavel (RUS)"]
[Result "1/2-1/2"]
[LiveChessVersion "1.4.8"]
[BlackElo "2688"]
[WhiteElo "2520"]

1. d4 {[%clk 0:03:02]} Nf6 {[%clk 0:03:03]} 2. c4 {[%clk 0:03:03]} e6
{[%clk 0:03:04]} 3. g3 {[%clk 0:03:04]} c5 {[%clk 0:03:05]} 4. Nf3
{[%clk 0:03:04]} cxd4 {[%clk 0:03:05]} 5. Nxd4 {[%clk 0:03:05]} Nc6
{[%clk 0:03:07]} 6. Bg2 {[%clk 0:03:03]} Qa5+ {[%clk 0:03:07]} 7. Bd2
{[%clk 0:02:54]} Qb6 {[%clk 0:03:06]} 8. Nb3 {[%clk 0:02:52]} a5 {[%clk 0:03:05]}
9. c5 {[%clk 0:02:37]} Qa6 {[%clk 0:02:40]} 10. a4 {[%clk 0:02:32]} b6
{[%clk 0:02:41]} 11. Nc3 {[%clk 0:02:21]} Bb7 {[%clk 0:02:02]} 12. Nb5
{[%clk 0:02:18]} Rc8 {[%clk 0:02:03]} 13. cxb6 {[%clk 0:02:04]} Qxb6
{[%clk 0:02:00]} 14. O-O {[%clk 0:02:00]} d5 {[%clk 0:01:56]} 15. Rc1
{[%clk 0:01:55]} Be7 {[%clk 0:01:54]} 16. Qe1 {[%clk 0:01:31]} Ba6
{[%clk 0:01:31]} 17. Bxa5 {[%clk 0:01:17]} Nxa5 {[%clk 0:01:20]} 18. Rxc8+
{[%clk 0:01:13]} Bxc8 {[%clk 0:01:21]} 19. Qxa5 {[%clk 0:01:14]} Qxa5
{[%clk 0:01:22]} 20. Nxa5 {[%clk 0:01:15]} Kd7 {[%clk 0:01:23]} 21. Rc1
{[%clk 0:01:14]} Ne8 {[%clk 0:00:57]} 22. Nc6 {[%clk 0:01:02]} Bf6
{[%clk 0:00:55]} 23. b4 {[%clk 0:00:56]} Bb7 {[%clk 0:00:48]} 24. Nb8+
{[%clk 0:00:50]} Kd8 {[%clk 0:00:49]} 25. a5 {[%clk 0:00:50]} Be5
{[%clk 0:00:46]} 26. Nc6+ {[%clk 0:00:39]} Bxc6 {[%clk 0:00:46]} 27. Rxc6
{[%clk 0:00:40]} Kd7 {[%clk 0:00:48]} 28. Rb6 {[%clk 0:00:23]} Nc7
{[%clk 0:00:46]} 29. Nxc7 {[%clk 0:00:16]} Bxc7 {[%clk 0:00:47]} 30. Rb7
{[%clk 0:00:16]} Kc6 {[%clk 0:00:46]} 31. a6 {[%clk 0:00:18]} Bd6
{[%clk 0:00:33]} 32. b5+ {[%clk 0:00:18]} Kc5 {[%clk 0:00:35]} 33. a7
{[%clk 0:00:16]} g5 {[%clk 0:00:28]} 34. e3 {[%clk 0:00:14]} Ra8 {[%clk 0:00:24]}
35. Bf1 {[%clk 0:00:14]} f5 {[%clk 0:00:24]} 36. Rd7 {[%clk 0:00:08]} Be5
{[%clk 0:00:16]} 37. Re7 {[%clk 0:00:08]} Bd6 {[%clk 0:00:15]} 38. Rxh7
{[%clk 0:00:08]} Kb6 {[%clk 0:00:16]} 39. Rh6 {[%clk 0:00:08]} Rxa7
{[%clk 0:00:16]} 40. Rxe6 {[%clk 0:00:09]} Kc5 {[%clk 0:00:18]} 41. Rf6
{[%clk 0:00:09]} f4 {[%clk 0:00:19]} 42. exf4 {[%clk 0:00:07]} gxf4
{[%clk 0:00:20]} 43. Rf5 {[%clk 0:00:08]} Kd4 {[%clk 0:00:17]} 44. Kg2
{[%clk 0:00:07]} Ke4 {[%clk 0:00:18]} 45. Rf6 {[%clk 0:00:07]} Be5
{[%clk 0:00:19]} 46. Re6 {[%clk 0:00:08]} Ra2 {[%clk 0:00:19]} 47. b6
{[%clk 0:00:06]} f3+ {[%clk 0:00:19]} 48. Kh3 {[%clk 0:00:06]} Rxf2
{[%clk 0:00:18]} 49. Ba6 {[%clk 0:00:04]} Rb2 {[%clk 0:00:17]} 50. b7
{[%clk 0:00:06]} d4 {[%clk 0:00:18]} 51. g4 {[%clk 0:00:04]} Kf4 52. g5 Kf5
{[%clk 0:00:16]} 53. Rxe5+ {[%clk 0:00:05]} Kxe5 {[%clk 0:00:17]} 54. Kg3
{[%clk 0:00:06]} f2 55. Kg2 Kf5 {[%clk 0:00:17]} 56. h4 {[%clk 0:00:09]} Kg6
{[%clk 0:00:18]} 57. Kf1 {[%clk 0:00:06]} Kh5 {[%clk 0:00:19]} 58. Kg2
{[%clk 0:00:07]} Kg6 {[%clk 0:00:09]} 59. Bd3+ {[%clk 0:00:08]} Kh5
{[%clk 0:00:08]} 60. Ba6 {[%clk 0:00:08]} Kg6 {[%clk 0:00:09]} 1/2-1/2

[Event "Blitz 2018"]
[Site "Saint-Petersburg"]
[Date "2018.12.29"]
[Round "10"]
[Board "36"]
[White "Esipenko Andrey (RUS)"]
[Black "Nihal Sarin (IND)"]
[Result "1/2-1/2"]
[LiveChessVersion "1.4.8"]
[BlackElo "2506"]
[WhiteElo "2673"]

1. d4 {[%clk 0:03:03]} Nf6 {[%clk 0:03:03]} 2. Nf3 {[%clk 0:03:04]} d5
{[%clk 0:03:04]} 3. Bf4 {[%clk 0:03:04]} c5 {[%clk 0:03:01]} 4. e3
{[%clk 0:03:06]} Nc6 {[%clk 0:03:02]} 5. c3 {[%clk 0:03:07]} Qb6 {[%clk 0:03:00]}
6. Qb3 {[%clk 0:03:05]} c4 7. Qc2 Bf5 8. Qc1 e6 {[%clk 0:02:56]} 9. Nbd2
{[%clk 0:03:07]} h6 {[%clk 0:02:53]} 10. h3 {[%clk 0:03:06]} Be7 {[%clk 0:02:53]}
11. b3 {[%clk 0:03:01]} Qa5 {[%clk 0:02:54]} 12. a4 {[%clk 0:02:02]} cxb3
{[%clk 0:02:54]} 13. Nxb3 {[%clk 0:02:03]} Qd8 {[%clk 0:02:51]} 14. Be2
{[%clk 0:02:02]} O-O {[%clk 0:02:51]} 15. O-O {[%clk 0:02:02]} Rc8
{[%clk 0:02:49]} 16. Qb2 {[%clk 0:02:01]} Ne4 {[%clk 0:02:46]} 17. Rfc1
{[%clk 0:02:01]} Bd6 {[%clk 0:02:40]} 18. Bxd6 {[%clk 0:01:56]} Nxd6
{[%clk 0:02:41]} 19. Nfd2 {[%clk 0:01:57]} Na5 {[%clk 0:02:21]} 20. Nxa5
{[%clk 0:01:46]} Qxa5 {[%clk 0:02:22]} 21. Nb3 {[%clk 0:01:45]} Qc7
{[%clk 0:02:16]} 22. a5 {[%clk 0:01:46]} b6 {[%clk 0:01:39]} 23. axb6
{[%clk 0:01:44]} axb6 {[%clk 0:01:40]} 24. Nd2 {[%clk 0:01:38]} b5
{[%clk 0:01:39]} 25. Nb3 {[%clk 0:01:37]} Nc4 {[%clk 0:01:19]} 26. Qa2
{[%clk 0:01:23]} Qc6 {[%clk 0:00:47]} 27. Nc5 {[%clk 0:01:21]} Ra8
{[%clk 0:00:46]} 28. Qb3 {[%clk 0:01:16]} Bg6 {[%clk 0:00:43]} 29. Qd1
{[%clk 0:01:10]} Nd6 {[%clk 0:00:31]} 30. Rxa8 {[%clk 0:01:03]} Rxa8
{[%clk 0:00:32]} 31. Ra1 {[%clk 0:01:05]} Nc4 {[%clk 0:00:14]} 32. Qc1
{[%clk 0:00:56]} Kh7 {[%clk 0:00:15]} 33. h4 {[%clk 0:00:44]} Kg8
{[%clk 0:00:15]} 34. h5 {[%clk 0:00:43]} Bh7 {[%clk 0:00:15]} 35. Bd1
{[%clk 0:00:19]} Bf5 {[%clk 0:00:10]} 36. Be2 {[%clk 0:00:19]} Bh7
{[%clk 0:00:11]} 37. Kf1 {[%clk 0:00:11]} Kf8 {[%clk 0:00:10]} 38. Ke1
{[%clk 0:00:11]} Ke7 {[%clk 0:00:11]} 39. Bd1 {[%clk 0:00:08]} Bf5
{[%clk 0:00:09]} 40. Be2 {[%clk 0:00:06]} Bh7 {[%clk 0:00:10]} 41. Bd1
{[%clk 0:00:05]} Bf5 {[%clk 0:00:11]} 42. Be2 {[%clk 0:00:06]} Bh7
{[%clk 0:00:12]} 1/2-1/2

[Event "Blitz 2018"]
[Site "Saint-Petersburg"]
[Date "2018.12.29"]
[Round "10"]
[Board "37"]
[White "Timofeev Artyom (RUS)"]
[Black "Vallejo Pons Francisco (ESP)"]
[Result "1/2-1/2"]
[LiveChessVersion "1.4.8"]
[BlackElo "2673"]
[WhiteElo "2568"]

1. c4 {[%clk 0:03:03]} e5 {[%clk 0:03:02]} 2. e3 {[%clk 0:03:03]} d6
{[%clk 0:03:00]} 3. Nc3 {[%clk 0:03:03]} Be7 {[%clk 0:02:59]} 4. g3
{[%clk 0:03:03]} f5 {[%clk 0:03:00]} 5. Bg2 {[%clk 0:03:03]} Nf6 {[%clk 0:03:01]}
6. d3 {[%clk 0:02:59]} O-O {[%clk 0:03:01]} 7. Nge2 {[%clk 0:03:00]} Na6
{[%clk 0:03:01]} 8. O-O {[%clk 0:02:57]} c6 {[%clk 0:03:02]} 9. e4
{[%clk 0:02:38]} fxe4 {[%clk 0:02:48]} 10. dxe4 {[%clk 0:02:38]} Be6
{[%clk 0:02:46]} 11. b3 {[%clk 0:02:39]} Qd7 12. Bg5 Bh3 {[%clk 0:02:01]} 13. Qd2
{[%clk 0:02:33]} Nc5 {[%clk 0:01:52]} 14. f3 {[%clk 0:02:32]} Rad8
{[%clk 0:01:44]} 15. Rad1 {[%clk 0:02:32]} a6 {[%clk 0:01:40]} 16. Be3
{[%clk 0:02:17]} Bxg2 {[%clk 0:01:39]} 17. Kxg2 {[%clk 0:02:18]} Qe6
{[%clk 0:01:19]} 18. Qc2 {[%clk 0:01:36]} Ncd7 {[%clk 0:01:16]} 19. a4
{[%clk 0:01:34]} a5 {[%clk 0:01:15]} 20. Rd3 {[%clk 0:01:32]} Ra8
{[%clk 0:01:07]} 21. Rfd1 {[%clk 0:01:30]} Qf7 {[%clk 0:01:07]} 22. Bg1
{[%clk 0:01:28]} Ne8 {[%clk 0:01:03]} 23. Rf1 {[%clk 0:00:43]} Nc7
{[%clk 0:01:01]} 24. f4 {[%clk 0:00:40]} exf4 {[%clk 0:00:58]} 25. Rxf4
{[%clk 0:00:35]} Qg6 {[%clk 0:00:49]} 26. Rdf3 {[%clk 0:00:35]} Ne6
{[%clk 0:00:40]} 27. Rxf8+ {[%clk 0:00:36]} Rxf8 {[%clk 0:00:40]} 28. Rxf8+
{[%clk 0:00:36]} Bxf8 {[%clk 0:00:38]} 29. Nd4 {[%clk 0:00:22]} Nxd4
{[%clk 0:00:33]} 30. Bxd4 {[%clk 0:00:23]} Be7 {[%clk 0:00:34]} 31. Ne2
{[%clk 0:00:22]} Nf6 {[%clk 0:00:26]} 32. Bxf6 {[%clk 0:00:16]} Bxf6
{[%clk 0:00:28]} 33. Nf4 {[%clk 0:00:16]} Qe8 {[%clk 0:00:29]} 34. Qd3
{[%clk 0:00:15]} Qe5 {[%clk 0:00:27]} 35. Ne2 {[%clk 0:00:14]} Kf8
{[%clk 0:00:26]} 36. Ng1 {[%clk 0:00:13]} Ke7 {[%clk 0:00:22]} 37. Nf3
{[%clk 0:00:14]} Qb2+ {[%clk 0:00:22]} 38. Kh3 {[%clk 0:00:15]} Qc3
{[%clk 0:00:16]} 39. Qxc3 {[%clk 0:00:12]} Bxc3 {[%clk 0:00:17]} 40. Kg4
{[%clk 0:00:13]} Bf6 {[%clk 0:00:12]} 41. h4 {[%clk 0:00:12]} g6 {[%clk 0:00:10]}
42. h5 {[%clk 0:00:12]} Ke6 {[%clk 0:00:11]} 43. hxg6 {[%clk 0:00:13]} hxg6
{[%clk 0:00:12]} 44. Kf4 {[%clk 0:00:13]} Bc3 {[%clk 0:00:06]} 45. Kg5
{[%clk 0:00:12]} Kf7 {[%clk 0:00:07]} 46. Kh6 {[%clk 0:00:11]} Bg7+
{[%clk 0:00:06]} 47. Kh7 {[%clk 0:00:12]} Bf6 {[%clk 0:00:08]} 48. g4
{[%clk 0:00:13]} Be7 {[%clk 0:00:04]} 49. Kh6 {[%clk 0:00:09]} Bf8+
{[%clk 0:00:06]} 50. Kh7 Be7 51. e5 {[%clk 0:00:10]} d5 {[%clk 0:00:08]} 52. cxd5
{[%clk 0:00:10]} cxd5 {[%clk 0:00:10]} 53. Nd4 {[%clk 0:00:05]} Bc5
{[%clk 0:00:11]} 54. Nf3 Be7 55. Nd4 {[%clk 0:00:08]} Bc5 {[%clk 0:00:14]} 56.
Nf3 {[%clk 0:00:09]} Be7 {[%clk 0:00:12]} 57. Nd4 {[%clk 0:00:11]} 1/2-1/2

[Event "Blitz 2018"]
[Site "Saint-Petersburg"]
[Date "2018.12.29"]
[Round "10"]
[Board "38"]
[White "Potkin Vladimir (RUS)"]
[Black "Alekseenko Kirill (RUS)"]
[Result "1-0"]
[LiveChessVersion "1.4.8"]
[BlackElo "2665"]
[WhiteElo "2494"]

1. Nf3 {[%clk 0:03:03]} d5 {[%clk 0:03:02]} 2. e3 {[%clk 0:03:04]} c5
{[%clk 0:03:02]} 3. b3 {[%clk 0:03:05]} Nc6 {[%clk 0:03:01]} 4. Bb5
{[%clk 0:03:03]} Bd7 {[%clk 0:02:58]} 5. Bb2 {[%clk 0:03:03]} Nf6
{[%clk 0:02:58]} 6. O-O {[%clk 0:03:02]} e6 {[%clk 0:02:59]} 7. c4
{[%clk 0:02:58]} dxc4 {[%clk 0:02:54]} 8. bxc4 {[%clk 0:02:47]} Bd6
{[%clk 0:02:48]} 9. d4 {[%clk 0:01:59]} O-O {[%clk 0:02:47]} 10. d5
{[%clk 0:01:44]} exd5 {[%clk 0:02:42]} 11. cxd5 {[%clk 0:01:47]} Nb8
{[%clk 0:02:36]} 12. Nc3 {[%clk 0:01:43]} a6 {[%clk 0:02:29]} 13. Be2
{[%clk 0:01:34]} b5 {[%clk 0:02:30]} 14. a4 {[%clk 0:01:10]} b4 {[%clk 0:01:41]}
15. Nb1 {[%clk 0:01:11]} Bf5 {[%clk 0:01:41]} 16. Nbd2 {[%clk 0:01:10]} Bc7
{[%clk 0:01:19]} 17. Rc1 {[%clk 0:00:37]} Nxd5 {[%clk 0:01:14]} 18. Rxc5
{[%clk 0:00:24]} Bb6 {[%clk 0:01:00]} 19. Rc1 {[%clk 0:00:25]} Bg6
{[%clk 0:00:36]} 20. Qb3 {[%clk 0:00:22]} Nc3 {[%clk 0:00:25]} 21. Bxc3
{[%clk 0:00:21]} bxc3 {[%clk 0:00:27]} 22. Rxc3 {[%clk 0:00:19]} Ba5
{[%clk 0:00:27]} 23. Rc4 {[%clk 0:00:19]} Nd7 {[%clk 0:00:24]} 24. Rd1
{[%clk 0:00:19]} Qe7 {[%clk 0:00:24]} 25. Nf1 {[%clk 0:00:17]} Rab8
{[%clk 0:00:24]} 26. Qa2 {[%clk 0:00:17]} Nf6 {[%clk 0:00:23]} 27. Ng3
{[%clk 0:00:15]} h6 {[%clk 0:00:23]} 28. h3 {[%clk 0:00:16]} Bc7 {[%clk 0:00:19]}
29. Nf1 {[%clk 0:00:13]} Ne4 {[%clk 0:00:20]} 30. Bd3 {[%clk 0:00:13]} Rfd8
{[%clk 0:00:19]} 31. Qc2 {[%clk 0:00:14]} Ba5 {[%clk 0:00:06]} 32. Nd4
{[%clk 0:00:12]} Qe8 {[%clk 0:00:04]} 33. Nc6 {[%clk 0:00:12]} Rbc8
{[%clk 0:00:03]} 34. Nxa5 {[%clk 0:00:12]} Rxc4 {[%clk 0:00:04]} 35. Nxc4
{[%clk 0:00:13]} Qc6 {[%clk 0:00:04]} 36. Ne5 {[%clk 0:00:13]} 1-0

[Event "Blitz 2018"]
[Site "Saint-Petersburg"]
[Date "2018.12.29"]
[Round "10"]
[Board "40"]
[White "Dzhumagaliev Yan (RUS)"]
[Black "Sargissian Gabriel (ARM)"]
[Result "0-1"]
[LiveChessVersion "1.4.8"]
[BlackElo "2651"]
[WhiteElo "2489"]

1. d4 {[%clk 0:03:03]} Nf6 {[%clk 0:02:40]} 2. Nf3 {[%clk 0:03:04]} e6
{[%clk 0:02:40]} 3. c4 {[%clk 0:03:03]} d5 {[%clk 0:02:40]} 4. g3
{[%clk 0:03:04]} Bb4+ {[%clk 0:02:33]} 5. Bd2 {[%clk 0:03:05]} Be7
{[%clk 0:02:35]} 6. Bg2 {[%clk 0:03:06]} O-O {[%clk 0:02:35]} 7. Qc2
{[%clk 0:03:03]} c6 {[%clk 0:02:34]} 8. O-O {[%clk 0:03:03]} Nbd7
{[%clk 0:02:35]} 9. b3 {[%clk 0:02:57]} b6 {[%clk 0:02:34]} 10. Bf4
{[%clk 0:02:52]} Bb7 {[%clk 0:02:27]} 11. Nc3 {[%clk 0:02:47]} Nh5
{[%clk 0:02:12]} 12. Bc1 {[%clk 0:02:45]} f5 {[%clk 0:02:12]} 13. e3
{[%clk 0:02:33]} Bd6 {[%clk 0:02:12]} 14. a4 {[%clk 0:02:33]} a5 {[%clk 0:02:12]}
15. Ba3 {[%clk 0:02:33]} Bxa3 {[%clk 0:02:12]} 16. Rxa3 {[%clk 0:02:34]} Qe7
{[%clk 0:02:11]} 17. Raa1 {[%clk 0:02:35]} Nhf6 {[%clk 0:02:10]} 18. Rac1
{[%clk 0:02:24]} Ne4 {[%clk 0:02:10]} 19. Ne2 {[%clk 0:02:15]} g5
{[%clk 0:02:03]} 20. Ne5 {[%clk 0:02:14]} Nxe5 {[%clk 0:01:56]} 21. dxe5
{[%clk 0:02:15]} Nc5 {[%clk 0:01:57]} 22. Nd4 {[%clk 0:01:43]} g4
{[%clk 0:01:57]} 23. cxd5 {[%clk 0:01:35]} cxd5 {[%clk 0:01:57]} 24. Nb5
{[%clk 0:01:25]} Ba6 {[%clk 0:01:58]} 25. Rfd1 {[%clk 0:01:25]} Bxb5
{[%clk 0:01:59]} 26. axb5 {[%clk 0:01:26]} Qg7 {[%clk 0:01:57]} 27. Qb2
{[%clk 0:01:24]} Rac8 {[%clk 0:01:50]} 28. Rc2 {[%clk 0:01:21]} Rc7
{[%clk 0:01:43]} 29. Bf1 {[%clk 0:01:10]} Rfc8 {[%clk 0:01:42]} 30. Rdc1
{[%clk 0:01:09]} h5 {[%clk 0:01:35]} 31. b4 {[%clk 0:00:33]} axb4
{[%clk 0:01:35]} 32. Qxb4 {[%clk 0:00:34]} Qxe5 {[%clk 0:01:31]} 33. Qd4
{[%clk 0:00:30]} Qg7 {[%clk 0:01:16]} 34. Qf4 {[%clk 0:00:27]} Qf6
{[%clk 0:01:13]} 35. Qd6 {[%clk 0:00:26]} Rb7 {[%clk 0:00:57]} 36. Bg2
{[%clk 0:00:27]} Rd8 {[%clk 0:00:51]} 37. Qc6 {[%clk 0:00:28]} Qe7
{[%clk 0:00:50]} 38. Ra1 {[%clk 0:00:20]} Rdb8 {[%clk 0:00:47]} 39. Bxd5
{[%clk 0:00:12]} exd5 {[%clk 0:00:47]} 40. Qxd5+ {[%clk 0:00:14]} Qf7
{[%clk 0:00:46]} 41. Qe5 {[%clk 0:00:15]} Re8 {[%clk 0:00:43]} 42. Qf4
{[%clk 0:00:15]} Qf6 {[%clk 0:00:40]} 43. Rd1 {[%clk 0:00:15]} Rbe7
{[%clk 0:00:38]} 44. Qc4+ {[%clk 0:00:14]} Kg7 {[%clk 0:00:38]} 45. Rcd2
{[%clk 0:00:15]} Ne4 {[%clk 0:00:37]} 46. Rd4 {[%clk 0:00:14]} Ng5
{[%clk 0:00:36]} 47. Kg2 {[%clk 0:00:14]} Re4 {[%clk 0:00:34]} 48. Qc7+
{[%clk 0:00:14]} R8e7 {[%clk 0:00:33]} 49. Rd7 {[%clk 0:00:15]} R4e6
{[%clk 0:00:31]} 50. Qc8 {[%clk 0:00:12]} Qe5 {[%clk 0:00:26]} 51. R1d4
{[%clk 0:00:09]} Rxd7 {[%clk 0:00:25]} 52. Rxd7+ Re7 53. Qb7 {[%clk 0:00:06]}
Rxd7 {[%clk 0:00:24]} 54. Qxd7+ {[%clk 0:00:07]} Kg6 {[%clk 0:00:23]} 55. Qc6+
{[%clk 0:00:06]} Qe6 {[%clk 0:00:23]} 56. Qc7 {[%clk 0:00:03]} Qd5+
{[%clk 0:00:23]} 57. Kf1 {[%clk 0:00:03]} Qxb5+ {[%clk 0:00:23]} 58. Kg2
{[%clk 0:00:04]} Qd5+ {[%clk 0:00:24]} 59. Kf1 {[%clk 0:00:06]} b5
{[%clk 0:00:22]} 60. Qb6+ {[%clk 0:00:07]} Ne6 {[%clk 0:00:21]} 61. Qb8
{[%clk 0:00:08]} Kf7 {[%clk 0:00:16]} 62. Qa7+ {[%clk 0:00:09]} Kf6
{[%clk 0:00:16]} 63. Qb8 {[%clk 0:00:11]} Qc4+ {[%clk 0:00:17]} 64. Kg1
{[%clk 0:00:08]} Qc1+ {[%clk 0:00:18]} 65. Kg2 {[%clk 0:00:10]} Qc6+
{[%clk 0:00:19]} 66. Kg1 {[%clk 0:00:11]} Qd7 {[%clk 0:00:20]} 67. Qh8+
{[%clk 0:00:11]} Ng7 {[%clk 0:00:21]} 68. Qf8+ {[%clk 0:00:11]} Kg6
{[%clk 0:00:23]} 69. Qc5 {[%clk 0:00:12]} Ne6 {[%clk 0:00:23]} 70. Qb6
{[%clk 0:00:09]} Kf7 {[%clk 0:00:23]} 71. Qb8 {[%clk 0:00:05]} Qc6
{[%clk 0:00:23]} 72. Qh8 {[%clk 0:00:05]} Ng7 {[%clk 0:00:22]} 73. Qb8
{[%clk 0:00:06]} Qd7 {[%clk 0:00:16]} 74. Qb6 {[%clk 0:00:04]} Ne8
{[%clk 0:00:13]} 75. Qh6 {[%clk 0:00:04]} Nf6 {[%clk 0:00:15]} 76. Qf4
{[%clk 0:00:03]} Qd1+ {[%clk 0:00:14]} 77. Kg2 {[%clk 0:00:04]} Qf3+
{[%clk 0:00:15]} 0-1